Nutrición y ayudas ergogénicas en el deporte
Збережено в:
| Автор: | |
|---|---|
| Формат: | Книга |
| Мова: | Іспанська |
| Опубліковано: |
Madrid
Síntesis
1998
|
| Серія: | Colección Biología y Biomecánica, 1
|
| Предмети: | |
| Теги: |
Додати тег
Немає тегів, Будьте першим, хто поставить тег для цього запису!
|
MARC
| LEADER | 00000nam a2200000 a 4500 | ||
|---|---|---|---|
| 001 | UCP3298 | ||
| 003 | CL-VaPUC | ||
| 008 | 990618e19980000SP |||||||||||||||||spa|d | ||
| 082 | 0 | 4 | |a 613.7 |b GON |2 21 |
| 100 | |a González Gallego, Javier |e author |9 591074 | ||
| 245 | 1 | 0 | |a Nutrición y ayudas ergogénicas en el deporte |
| 300 | |a 318 p | ||
| 942 | |c BK | ||
| 945 | |d 19990618 00:00:00 |a rbrito | ||
| 260 | |a Madrid |b Síntesis |c 1998 | ||
| 650 | 0 | |a Nutrición deportiva |9 430508 | |
| 650 | 0 | |a Dieta deportiva |9 430509 | |
| 650 | 0 | |a Deportes |9 224367 | |
| 650 | 7 | |a EJERCICIOS ATLETICOS |2 CL-VaPUC |9 307399 | |
| 650 | 0 | |a Hidratos de carbono |9 360963 | |
| 650 | 0 | |a Lípidos |9 306890 | |
| 650 | 7 | |a HIDRATACION |2 CL-VaPUC |9 430510 | |
| 650 | 0 | |a Vitaminas |9 343802 | |
| 650 | 0 | |a Minerales |9 264051 | |
| 583 | |a last modification |c 19990618 00:00:00 |k Rodrigo Vera | ||
| 490 | 0 | |a Colección Biología y Biomecánica, 1 | |
| 999 | |c 281666 |d 281664 | ||
| 952 | |0 0 |1 0 |4 0 |6 613_700000000000000_GON_1998 |7 0 |8 A |9 322579 |a BIBEDU |b BIBEDU |c ES_NOD |d 2019-11-20 |i 3532011 |o 613.7 GON 1998 |p 3532011 |r 2023-08-09 |w 2019-11-20 |y BK |k EFI | ||
| 952 | |0 0 |1 0 |4 0 |6 613_700000000000000_GON_1998 |7 0 |8 A |9 322580 |a BIBEDU |b BIBEDU |c ES_NOD |d 2019-11-20 |i 3918025 |o 613.7 GON 1998 |p 3918025 |r 2023-08-09 |w 2019-11-20 |y BK |k EFI | ||